000 00300nam a22001337a 4500
003 SGT
020 _a97815433442741
082 _a615.19
_bARO
100 _aARORA VARUN
245 _aPHARMACEUTICAL ORGANIC CHEMISTRY- I
260 _aINDIA
_bPEE VEE PUB
_c2023
300 _a396
942 _2ddc
_cBK
999 _c34464
_d34464